书目信息 |
| 题名: |
高温结构完整性原理
|
|
| 作者: | 涂善东, 著 | |
| 分册: | ||
| 出版信息: | 北京 科学出版社 2003 |
|
| 页数: | 11,516页 | |
| 开本: | 21cm | |
| 丛书名: | ||
| 单 册: | ||
| 中图分类: | TB304 | |
| 科图分类: | ||
| 主题词: | 高温--gao wen--影响--工程材料--材料强度--研究 , 高温--gao wen , 工程材料--gong cheng cai liao , 材料强度--cai liao qiang du | |
| 电子资源: | ||
| ISBN: | 7-03-011744-1 | |
| 000 | 01024cam0 2200289 450 | |
| 001 | 012005060354 | |
| 005 | 20051124163344.75 | |
| 010 | @a7-03-011744-1@b精装@dCNY32.00 | |
| 100 | @a20050716d2003 emky0chiy0121 ea | |
| 101 | 0 | @achi |
| 102 | @aCN@b110000 | |
| 105 | @ay z 001yy | |
| 200 | 1 | @a高温结构完整性原理@Agao wen jie gou wan zheng xing yuan li@f涂善东著 |
| 210 | @a北京@c科学出版社@d2003 | |
| 215 | @a11,516页@d21cm | |
| 330 | @a本书阐述了高温结构完整性的基本概念和相关理论,涉及高温过程及相关材料的损伤、高温下各单独破坏机制的数学物理描述等。 | |
| 333 | @a阅读对象:科技工作者,高年级本科师生和研究生 | |
| 510 | 1 | @aHigh temperature structural integrity@zeng |
| 606 | 0 | @a高温@Agao wen@x影响@x工程材料@x材料强度@x研究 |
| 606 | 0 | @a高温@Agao wen |
| 606 | 0 | @a工程材料@Agong cheng cai liao |
| 606 | 0 | @a材料强度@Acai liao qiang du |
| 690 | @aTB304@v4 | |
| 701 | 0 | @a涂善东,@Atu shan dong@f1961-@4著 |
| 801 | 0 | @aCN@bSRXX@c20051124 |
| 801 | 2 | @aCN@bSRXX@c20051110 |
| 905 | @a10447@dTB304@eT905 | |
| 高温结构完整性原理/涂善东著.-北京:科学出版社,2003 |
| 11,516页;21cm |
| 使用对象:阅读对象:科技工作者,高年级本科师生和研究生 |
| ISBN 7-03-011744-1(精装):CNY32.00 |
| 本书阐述了高温结构完整性的基本概念和相关理论,涉及高温过程及相关材料的损伤、高温下各单独破坏机制的数学物理描述等。 |
| ● |
| 相关链接 |
|
|
|
正题名:高温结构完整性原理
索取号:TB304/T905
 
预约/预借
| 序号 | 登录号 | 条形码 | 馆藏地/架位号 | 状态 | 备注 |
| 1 | 543264 | 205432646 | 自科库501/501自科库 12排3列2层/ [索取号:TB304/T905] | 在馆 | |
| 2 | 543265 | 205432655 | 自科库501/201建筑库 9排3列2层/ [索取号:TB304/T905] | 在馆 | |
| 3 | 543266 | 205432664 | 自科库501/501自科库 12排3列2层/ [索取号:TB304/T905] | 在馆 |